000
00238nam a22001097a 4500
082
_a
621.042 BOI'E
100
_a
ENERCON
_9
79556
245
_a
BOILER WATER TREATMENT
260
_a
ISLAMABAD
_b
ENERCON
_c
1989
300
_a
174P
942
_c
BK
999
_c
584581
_d
584581